Principles of marketing (Record no. 9254)

MARC details
000 -LEADER
fixed length control field 00562cam a2200217ua 4500
001 - CONTROL NUMBER
control field 10267
005 - DATE AND TIME OF LATEST TRANSACTION
control field 20260515114611.0
008 - FIXED-LENGTH DATA ELEMENTS--GENERAL INFORMATION
fixed length control field 171218n ii |||gr||||Z||||||eng
020 ## - INTERNATIONAL STANDARD BOOK NUMBER
International Standard Book Number 9789327252613
040 ## - CATALOGING SOURCE
Transcribing agency MAIN
082 ## - DEWEY DECIMAL CLASSIFICATION NUMBER
Classification number 658.8
100 ## - MAIN ENTRY--PERSONAL NAME
Personal name Sontakki, C.N.,
Relator term Author.
245 ## - TITLE STATEMENT
Title Principles of marketing
Statement of responsibility, etc. By C.N. Sontakki and others
250 ## - EDITION STATEMENT
Edition statement 2nd rev. ed.
260 ## - PUBLICATION, DISTRIBUTION, ETC.
Place of publication, distribution, etc. Ludhiana:
Name of publisher, distributor, etc. Kalyani,
Date of publication, distribution, etc. 2016.
300 ## - PHYSICAL DESCRIPTION
Extent 12:26 p.
653 ## - INDEX TERM--UNCONTROLLED
Uncontrolled term General management
700 ## - ADDED ENTRY--PERSONAL NAME
Personal name Gupta, Neeti,
Relator term Author.
700 ## - ADDED ENTRY--PERSONAL NAME
Personal name Gupta, Anuj,
Relator term Author.
942 ## - ADDED ENTRY ELEMENTS (KOHA)
Koha item type Books
Holdings
Withdrawn status Lost status Damaged status Not for loan Home library Current library Shelving location Date acquired Total checkouts Full call number Barcode Date last seen Date last checked out Copy number Price effective from Koha item type
        Naharkatiya College Library Naharkatiya College Library General stacks 09/19/2020 20 658.8 | SON 24288 11/18/2023 11/14/2023 3 09/19/2020 Books
        Naharkatiya College Library Naharkatiya College Library General stacks 09/19/2020 23 658.8 | SON 24289 11/18/2023 11/03/2023 2 09/19/2020 Books
        Naharkatiya College Library Naharkatiya College Library General stacks 09/19/2020 14 658.8 | SON 24290 11/18/2023 11/03/2023 1 09/19/2020 Books